000 00331nam a22001337a 4500
005 20230816085202.0
008 230816b |||||||| |||| 00| 0 eng d
040 _aLoreto college
041 _aEnglish
082 _a004
_bFLA
245 _aThe technology takers
_bleading change in the digital era
850 _aLCLIB
942 _cBK
999 _c43449
_d93928